000 00326nam a2200133Ia 4500
005 20251222155156.0
008 251222s9999||||xx |||||||||||||| ||spa||
082 _aEDUM.06
100 _aTORRES VALLADARES.
245 0 _aPsicologĂ­a educativa material autoinstructivo
250 _a1ra. ed.
264 _bUNMSM
942 _cLIB
999 _c39764
_d39764